SOA-based enterprise integration : (Record no. 31101)

MARC details
000 -LEADER
fixed length control field 01144nam a22002777a 4500
005 - DATE AND TIME OF LATEST TRANSACTION
control field 20091028134954.0
008 - FIXED-LENGTH DATA ELEMENTS--GENERAL INFORMATION
fixed length control field 091028t xxu||||| |||| 00| 0 eng d
010 ## - LCCN (DPL NO)
LC control number ENG-95238
020 ## - INTERNATIONAL STANDARD BOOK NUMBER
International Standard Book Number 9780070677265
Terms of availability 525.00
020 ## - INTERNATIONAL STANDARD BOOK NUMBER
International Standard Book Number 0070677263
Terms of availability 525.00
035 ## - SYSTEM CONTROL NUMBER
System control number EN-78771
037 ## - SOURCE OF ACQUISITION
Source of stock number/acquisition DBAD/PUB
040 ## - CATALOGING SOURCE
Original cataloging agency DPL
082 ## - DEWEY DECIMAL CLASSIFICATION NUMBER
Classification number 006.7
100 ## - MAIN ENTRY--PERSONAL NAME
Personal name Roshen, Waseem,
Dates associated with a name 1951-
245 ## - TITLE STATEMENT
Title SOA-based enterprise integration :
Statement of responsibility, etc by Waseem Roshen
Remainder of title a step-by-step guide to services-based application integration /
260 ## - PUBLICATION, DISTRIBUTION, ETC. (IMPRINT)
Place of publication, distribution, etc New Delhi
Name of publisher, distributor, etc Tata McGraw Hill Education
Date of publication, distribution, etc 2009
270 ## - ADDRESS
Address 7, West Patel Nagar
City New Delhi
Postal code 110008
300 ## - PHYSICAL DESCRIPTION
Extent xii, 364 p.
Dimensions 22cm.(Pbk).)
Other physical details ill.
500 ## - GENERAL NOTE
General note Includes bibliographical references and index.
650 ## - SUBJECT ADDED ENTRY--TOPICAL TERM
Topical term or geographic name as entry element Service-oriented architecture (Computer science)
650 ## - SUBJECT ADDED ENTRY--TOPICAL TERM
Topical term or geographic name as entry element Management information systems.
650 ## - SUBJECT ADDED ENTRY--TOPICAL TERM
Topical term or geographic name as entry element Enterprise application integration (Computer systems)
942 ## - ADDED ENTRY ELEMENTS (KOHA)
Source of classification or shelving scheme Dewey Decimal Classification
Item type English Books
Call number suffix ROS
Classification part 006.7
Holdings
Withdrawn status Lost status Source of classification or shelving scheme Damaged status Not for loan Collection code Home library Current library Date acquired Source of acquisition Cost, normal purchase price Total Checkouts Full call number Barcode Date last seen Copy number Cost, replacement price Koha item type
    Dewey Decimal Classification   Not For Loan Non-fiction D.B.Act.Division D.B.Act.Division 28/10/2009 DBAD / PUB 525.00   006.7 ROS EN-78771 28/10/2009 1 525.00 English Books

© Delhi Public Library
Hit Counter
free hit counter